| 000 | 00645nam a2200217 a 4500 | ||
|---|---|---|---|
| 999 |
_c3330 _d3330 |
||
| 001 | 3330 | ||
| 003 | BD-JhCC | ||
| 005 | 20171112193441.0 | ||
| 008 | 171112s1970 bg |||| ||a| 00| 0 ben d | ||
| 035 | _a(BD-JhCC)3330 | ||
| 040 |
_aBD-JhCC _dBD-JhCC |
||
| 041 | _aben | ||
| 082 |
_a891.443 _bAKH 1970 |
||
| 100 | _aআখন্দ, শহীদ | ||
| 245 |
_aপাখির গান বনের ছায়া / _c শহীদ আখন্দ |
||
| 260 |
_aঢাকা : _bনওরোজ কিতাবিস্তান, _c১৯৭০ |
||
| 300 |
_a144 p. : _c20 cm. |
||
| 650 | _aBengali Novel | ||
| 942 |
_2ddc _cBK |
||